LEADER 01221nam0 22003011i 450 001 SUN0013375 005 20061013120000.0 010 $a88-13-19887-6 020 $aIT$b98 2880 100 $a20030403d1997 |0itac50 ba 101 $aita 102 $aIT 105 $a|||| ||||| 200 1 $aFictio iuris$ericerche sulla finzione in diritto romano dal periodo arcaico all'epoca augustea$fErnesto Bianchi 210 $aPadova$cCEDAM$d1997 215 $aX, 516 p.$d24 cm. 410 1$1001SUN0010971$12001 $aPubblicazioni della Università di Pavia. Studi nelle scienze giuridiche e sociali. N.S$v82$1210 $aPadova$cCEDAM. 606 $aFictiones juris$2FI$3SUNC007094 620 $dPadova$3SUNL000007 676 $a347.3707$v21 700 1$aBianchi$b, Ernesto$3SUNV009837$0240687 712 $aCEDAM$3SUNV005537$4650 801 $aIT$bSOL$c20181109$gRICA 912 $aSUN0013375 950 $aUFFICIO DI BIBLIOTECA DEL DIPARTIMENTO DI GIURISPRUDENZA$d00 CONS XVIII.Ed.28 $e00 16611 995 $aUFFICIO DI BIBLIOTECA DEL DIPARTIMENTO DI GIURISPRUDENZA$h16611$kCONS XVIII.Ed.28$op$qa 996 $aFictio iuris$9659885 997 $aUNICAMPANIA